| 000 | 00427nam a2200181Ia 4500 | ||
|---|---|---|---|
| 001 | 8126 | ||
| 005 | 20260306160546.0 | ||
| 008 | 260306t2000||||xx |||||||||||||| ||spa|| | ||
| 041 | _aESP | ||
| 082 |
_a370.114 _bC78 |
||
| 100 |
_aCortina, Adela [coord.] _eAUT |
||
| 245 | 0 | _aLa educación y los valores | |
| 260 | _c2000 | ||
| 300 |
_a140 páginas : _c21 cm. |
||
| 650 | _aGEN | ||
| 654 | _aCED | ||
| 942 |
_cLIB _dJUS _fJUS _2ddc _n |
||
| 999 |
_c8126 _d8126 |
||